000 01018ncm a2200301 c 4500
003 BLK
005 20230331173647.0
008 180414b bul |a|er|||| |0| c|bulo|
010 _aNOT00004105000
040 _aBLK
041 _aBUL
_cBUL
080 _aКонтрабас
_b787.41
_x
_z787.41
700 1 _aНиколов, Николай
_eсъстав.
_9365293
139 _aОркестрови трудности за контрабас
_bО 69
245 1 0 _aОркестрови трудности за контрабас
_cсъстав. Николай Николов.
257 _aBGR
260 София
_bНаука и изкуство
_c1967
300 _a36 с.
_c31 см
380 _a7
650 4 _aКонтрабас
_9159236
653 _aконтрабас
653 _aоркестрови трудности
852 _aЦб М ІІ 4387
_p0
856 4 _qpdf
_u
856 4 _qpdf
_u
942 _cNOT
_n0
_02
944 _aCR
_c06.10.2017
_kИрена_Линкова
944 _aED
_c06.10.2017
_kИрена_Линкова
999 _c322027
_d322027